[Komplexné manažérstvo kvality]

Recenzia na odbornú publikáciu, ktorá prezentuje výsledky výskumnej práce, praktické a pedagogické skúsenosti v oblasti manažérstva kvality.

Na minha lista:
Detalhes bibliográficos
Autor principal: Porvazník, Ján
Formato: Capítulo de Livro
Idioma:eslovaco
Assuntos:
Tags: Adicionar Tag
Sem tags, seja o primeiro a adicionar uma tag!

MARC

LEADER 00000naa a2200000 4500
001 0173339
005 20240502072943.8
041 0 |a slo 
044 |a SK 
245 1 0 |a [Komplexné manažérstvo kvality]  |c Ján Porvazník 
520 |a Recenzia na odbornú publikáciu, ktorá prezentuje výsledky výskumnej práce, praktické a pedagogické skúsenosti v oblasti manažérstva kvality. 
610 2 0 |a recenzie 
610 2 0 |a riadenie kvality 
610 2 0 |a systémy integrované manažérske 
100 1 |a Porvazník, Ján